000 00745nam a2200253 a 4500
001 53494
003 BD-RjUL
005 20211209075954.0
008 161016r20072006njua b 001 0 eng
020 _a8177581120
035 _a(BD-RjUL)53615
040 _aDLC
_cDLC
_dDLC
_beng
041 _aeng
082 0 0 _a658.87
_223
_bBER 2007
100 1 _aBerman, Barry.
_9159912
245 1 0 _aRetail management :
_ba strategic approach /
_cBarry Berman, Joel R. Evans.
250 _a9th ed.
260 _aIndia :
_bPrentice Hall,
_cc2004.
300 _a602 p. :
_bill. ;
_c29 cm.
504 _aIncludes bibliographical references and indexes.
650 0 _aRetail trade
_xManagement.
_9159913
700 1 _aEvans, Joel R.
_9159914
942 _2ddc
_cBK
999 _c53494
_d53494